Freshwater ecology (Record no. 15667)
[ view plain ]
| 000 -LEADER | |
|---|---|
| fixed length control field | 00338nam a2200145I 4500 |
| 040 ## - CATALOGING SOURCE | |
| Transcribing agency | CDC |
| 082 ## - DEWEY DECIMAL CLASSIFICATION NUMBER | |
| Classification number | 574 LON 1963 A080 Or. |
| 100 10 - MAIN ENTRY--AUTHOR NAME | |
| Personal name | Macan, T. T. |
| 245 10 - TITLE STATEMENT | |
| Title | Freshwater ecology |
| 260 0# - PUBLICATION, DISTRIBUTION, ETC. (IMPRINT) | |
| Place of publication | [London] |
| Name of publisher | Longman |
| Year of publication | [1963] |
| 300 ## - PHYSICAL DESCRIPTION | |
| Number of Pages | x, 338 p. |
| Other physical details | illus. |
| Dimensions | 23 cm |
| 650 #0 - SUBJECT ADDED ENTRY--TOPICAL TERM | |
| Topical Term | Freshwater biology |
| 650 #0 - SUBJECT ADDED ENTRY--TOPICAL TERM | |
| Topical Term | Ecology |
| 942 ## - ADDED ENTRY ELEMENTS (KOHA) | |
| Koha item type | សៀវភៅភាសាអង់គ្លេស |
| 952 ## - LOCATION AND ITEM INFORMATION (KOHA) | |
| Withdrawn status [LOCAL, KOHA] | 0 |
| Permanent Location | Date acquired | Koha item type | Lost status | Shelving location | Barcode | Current Location | Full call number |
|---|---|---|---|---|---|---|---|
| Library Block A | 2017-12-05 | សៀវភៅភាសាអង់គ្លេស | A080 | A08372 | Library Block A | 574 LON 1963 A080 Or. |